00325pab a2200133 454500008004000000100002100040245004300061260000900104300001300113362001000126650002400136650001600160773001500176180718b2017 xxu||||| |||| 00| 0 eng d aVombatkere, S.G. aIndia's sovereignty - have we lost it? c2017 ap.17-20. a8 Apr aSovereignty - India aSovereignty aMainstream